Perfiles latinoamericanos revista de la Sede Académica de México de la Facultad Latinoamericana de Ciencias Sociales.

Detalles Bibliográficos
Autor Corporativo: FLACSO (Organization). Sede Académica de México
Formato: Electrónico Revista
Lenguaje:español
Publicado: México, D.F. : FLACSO, Sede México
Materias:
Acceso en línea:Full text available from PRISMA Database with HAPI Index: 01/01/2015 to 01/31/2017

MARC

LEADER 00000nas a2200000 i 4500
001 ssj0013020
003 WaSeSS
005 20200512172242.0
006 m d
007 cr n
008 050615c19939999mx fr p s 0 0spa c
010 |a  2014240423 
022 |y 0188-7653 
035 |a (WaSeSS)ssj0013020 
040 |a OCLCS  |b eng  |e pn  |c OCLCS  |d TXJ  |d KSU  |d TXU  |d OCLCQ  |d OCLCE  |d OCLCQ  |d OCLCF  |d IXA  |d OCL  |d OCLCO  |d VT2  |d WaSeSS 
042 |a pcc 
043 |a n-mx--- 
245 0 0 |a Perfiles latinoamericanos  |h [electronic resource] :  |b revista de la Sede Académica de México de la Facultad Latinoamericana de Ciencias Sociales. 
246 3 0 |a Revista de la Sede Académica de México de la Facultad Latinoamericana de Ciencias Sociales 
260 |a México, D.F. :  |b FLACSO, Sede México 
310 |a Semiannual 
362 1 |a Began with Núm. 1 (diciembre1993). 
506 |a License restrictions may limit access. 
588 |a Description based on: Núm. 1 (diciembre 1993); title from PDF cover (Redalyc, viewed Oct. 10, 2014). 
588 |a Latest issue consulted: Núm. 44 (julio-diciembre 2014) (viewed Oct. 10, 2014). 
648 7 |a Since 1980  |2 fast 
650 0 |a Social sciences  |v Periodicals. 
650 0 |a Social sciences  |z Latin America  |v Periodicals. 
650 7 |a Politics and government  |2 fast  |0 (OCoLC)fst01919741 
650 7 |a Social sciences.  |2 fast  |0 (OCoLC)fst01122877 
650 1 7 |a Binnenlandse politiek.  |2 gtt 
651 0 |a Latin America  |x Politics and government  |y 1980-  |v Periodicals. 
651 0 |a Latin America  |v Periodicals. 
651 7 |a Latin America.  |2 fast  |0 (OCoLC)fst01245945 
655 0 |a Electronic journals. 
710 2 |a FLACSO (Organization).  |b Sede Académica de México. 
776 0 8 |i Print version:  |t Perfiles latinoamericanos  |x 0188-7653  |w (DLC) 93656340  |w (OCoLC)28229322 
856 4 0 |z Full text available from PRISMA Database with HAPI Index: 01/01/2015 to 01/31/2017  |u https://search.proquest.com/publication/18991